Τουριστική γεωγραφία : Αφρική, Αμερική , Ωκεανία
Αποθηκεύτηκε σε:
| Κύριος συγγραφέας: | |
|---|---|
| Μορφή: | Βιβλίο |
| Γλώσσα: | Greek |
| Δημοσίευση: |
Αθήνα :
Σταμούλης,
c2001
|
| Θέματα: | |
| Ετικέτες: |
Προσθήκη ετικέτας
Δεν υπάρχουν, Καταχωρήστε ετικέτα πρώτοι!
|
MARC
| LEADER | 00000cam a2200000 i 4500 | ||
|---|---|---|---|
| 001 | 1/54559 | ||
| 008 | 040512s2001 gr | ||| |||| ||gre|| | ||
| 035 | |l 10073282 | ||
| 040 | |a GR-MY-UA |b gre |e aacr | ||
| 041 | 0 | |a gre | |
| 082 | 0 | |a 338.479109 | |
| 100 | 1 | |a Μοίρα-Μυλωνοπούλου, Πολυξένη, |d 1960- | |
| 245 | 1 | 0 | |a Τουριστική γεωγραφία : |b Αφρική, Αμερική , Ωκεανία / |c Πολυξένη Μοίρα-Μυλωνοπούλου |
| 260 | |a Αθήνα : |b Σταμούλης, |c c2001 | ||
| 300 | |a 252 σ.; |b πίν., φωτ., χαρτ.; |c 24 εκ. | ||
| 650 | 0 | 0 | |a Tourism |z Africa. |
| 650 | 0 | 0 | |a Tourism |z America. |
| 650 | 0 | 0 | |a Tourism |z Oceania. |
| 852 | |a INST |b CHIOS |e 20040512 |h 338.479109 ΜΟΙ |p 005200023252 |q 005200023252 |t BK |y 0 | ||
| 901 | |a BIBL2-2003-3 | ||
| 909 | |a Χ |b 108804 | ||
| 970 | |a ΧΑΖΙΡΗ |b ΑΝΝΑ |z 2003/12/05 | ||